[Event "II Memorial Doriano Spinelli"]
[Site "Torino ITA"]
[Date "2016.12.04"]
[Round "5"]
[White "Di Chiara, Mauro"]
[Black "Bergero, Simone"]
[WhiteElo "1933"]
[BlackElo "1860"]
[Result "0-1"]
[PlyCount "70"]
[EventDate "2016.12.01"]

1. d4 d6 2. Nf3 f5 3. Nc3 Nf6 4. Bg5 g6 5. Bxf6 exf6 6. e4 fxe4 7. Nxe4 Bg7 8.
Bd3 O-O 9. O-O Nc6 10. c3 Be6 11. Re1 Bf7 12. Bc2 Na5 13. b3 c5 14. dxc5 f5 15.
Nxd6 Bxc3 16. Ne5 Be8 17. b4 Nc6 18. Bb3+ Kg7 19. Nxe8+ Rxe8 20. Nxc6 Qxd1 21.
Raxd1 Rxe1+ 22. Rxe1 Bxe1 23. Na5 Bxb4 24. Nxb7 Re8 25. g3 Re1+ 26. Kg2 Rc1 27.
h4 Bxc5 28. Nxc5 Rxc5 29. Kf3 Kf6 30. g4 Ke5 31. g5 Rc3+ 32. Kg2 Rxb3 33. axb3
Kf4 34. f3 Ke3 35. Kg3 a5 0-1

[Event "II Memorial Doriano Spinelli"]
[Site "Torino ITA"]
[Date "2016.12.04"]
[Round "5"]
[White "Femia, Nicola"]
[Black "Paparella, Nicole Samantha"]
[WhiteElo "1817"]
[BlackElo "1772"]
[Result "1/2-1/2"]
[PlyCount "48"]
[EventDate "2016.12.01"]

1. d4 d5 2. c4 c6 3. Nf3 e6 4. Nc3 Nf6 5. e3 Bd6 6. Bd3 dxc4 7. Bxc4 b5 8. Bd3
Bb7 9. O-O Nbd7 10. Bd2 a6 11. Rc1 c5 12. dxc5 Nxc5 13. Bb1 O-O 14. b4 Nce4 15.
Nxe4 Nxe4 16. Bxe4 Bxe4 17. Bc3 Be7 18. Qxd8 Rfxd8 19. Nd4 Rac8 20. a3 Rc4 21.
Bb2 Rdc8 22. Rxc4 Rxc4 23. Rc1 Rxc1+ 24. Bxc1 Bd5 1/2-1/2

[Event "II Memorial Doriano Spinelli"]
[Site "Torino ITA"]
[Date "2016.12.04"]
[Round "5"]
[White "Ferrara, Davide"]
[Black "Chianale, Angelo"]
[WhiteElo "1591"]
[BlackElo "1691"]
[Result "0-1"]
[PlyCount "56"]
[EventDate "2016.12.01"]

1. d4 f5 2. b3 Nf6 3. Bb2 d5 4. e3 e6 5. Nf3 Bd6 6. c4 c6 7. Nbd2 O-O 8. Bd3
Bd7 9. Ne5 Be8 10. O-O Bh5 11. Qc2 Nbd7 12. Ndf3 Bxf3 13. Nxf3 Ng4 14. h3 Nh6
15. Ne5 Nf6 16. Nf3 Ne4 17. Ne5 Qh4 18. Nf3 Qh5 19. Be2 g5 20. Ne5 g4 21. hxg4
Nxg4 22. Bxg4 fxg4 23. Qe2 Bxe5 24. dxe5 Rf5 25. Rad1 Qh4 26. f3 g3 27. Rfe1
Qh2+ 28. Kf1 Qh1# 0-1

[Event "II Memorial Doriano Spinelli"]
[Site "Torino ITA"]
[Date "2016.12.04"]
[Round "5"]
[White "Ferri, Fabio"]
[Black "Finocchiaro, Gianluca"]
[WhiteElo "1831"]
[BlackElo "2048"]
[Result "0-1"]
[PlyCount "56"]
[EventDate "2016.12.01"]

1. e4 Nc6 2. Nf3 d5 3. exd5 Qxd5 4. Nc3 Qa5 5. d4 Bg4 6. h3 Bh5 7. g4 Bg6 8.
Bd2 O-O-O 9. Bc4 Qb4 10. b3 Nxd4 11. Nxd4 Rxd4 12. Ne2 Rxd2 13. Qxd2 Qxd2+ 14.
Kxd2 Nf6 15. Ng3 e6 16. Bd3 Bb4+ 17. Ke2 Nd5 18. Bxg6 hxg6 19. Ne4 Rd8 20. c4
Nf4+ 21. Kf3 e5 22. Rad1 Rf8 23. Ng3 f5 24. gxf5 gxf5 25. Ne2 Nd3 26. Ke3 e4
27. Nf4 Bc5+ 28. Ke2 Nxf4+ 0-1

[Event "II Memorial Doriano Spinelli"]
[Site "Torino ITA"]
[Date "2016.12.04"]
[Round "5"]
[White "Messina, Francesco"]
[Black "Bisi, Samuele"]
[WhiteElo "1953"]
[BlackElo "2084"]
[Result "1/2-1/2"]
[PlyCount "29"]
[EventDate "2016.12.01"]

1. e4 e5 2. Nf3 Nc6 3. d4 exd4 4. Bc4 Nf6 5. O-O Bc5 6. e5 d5 7. Bb5 Ne4 8.
Nxd4 Bd7 9. Bxc6 bxc6 10. c3 Bb6 11. f3 Ng5 12. f4 Ne4 13. Be3 c5 14. Nf3 Bc6
15. Nbd2 1/2-1/2

[Event "II Memorial Doriano Spinelli"]
[Site "Torino ITA"]
[Date "2016.12.04"]
[Round "5"]
[White "Priolo, Giuseppe"]
[Black "Fassio, Francesco"]
[WhiteElo "1461"]
[BlackElo "1617"]
[Result "1-0"]
[PlyCount "67"]
[EventDate "2016.12.01"]

1. e4 e5 2. Nf3 Nf6 3. Nc3 Nc6 4. Bc4 Bb4 5. O-O O-O 6. d3 d6 7. Nd5 Nxd5 8.
Bxd5 Ne7 9. Bb3 Bg4 10. h3 Bh5 11. c3 Ba5 12. Qe2 h6 13. Bd1 c6 14. Qc2 Bc7 15.
Nh2 Bxd1 16. Qxd1 d5 17. Qg4 Kh7 18. Re1 d4 19. cxd4 Qxd4 20. Re3 Ng6 21. Qf5
Rad8 22. Rg3 Qd7 23. Qh5 Qe6 24. Ng4 Nf4 25. Bxf4 exf4 26. Rf3 f5 27. Nh2 g6
28. Qh4 fxe4 29. Re1 Rd4 30. g3 Qd7 31. dxe4 Re8 32. Ng4 Qg7 33. Nf6+ Kh8 34.
Nxe8 1-0

[Event "II Memorial Doriano Spinelli"]
[Site "Torino ITA"]
[Date "2016.12.04"]
[Round "5"]
[White "Raccanello, Marianna"]
[Black "Bisi, Riccardo"]
[WhiteElo "1872"]
[BlackElo "2028"]
[Result "0-1"]
[PlyCount "46"]
[EventDate "2016.12.01"]

1. e4 e5 2. Nf3 Nc6 3. Bb5 a6 4. Ba4 Nf6 5. O-O b5 6. Bb3 Bc5 7. c3 Ba7 8. d4
d6 9. d5 Ne7 10. Qe2 Ng6 11. a4 Bd7 12. axb5 axb5 13. Bg5 Bxf2+ 14. Qxf2 Rxa1
15. Nfd2 h6 16. Be3 O-O 17. Bd1 Nxe4 18. Nxe4 Rxb1 19. Qg3 Qh4 20. Qxh4 Nxh4
21. Bxh6 f5 22. Nd2 Rxd1 23. Rxd1 gxh6 0-1

[Event "II Memorial Doriano Spinelli"]
[Site "Torino ITA"]
[Date "2016.12.04"]
[Round "5"]
[White "Terzo, Andrea"]
[Black "Wisbey, Danilo"]
[WhiteElo "1892"]
[BlackElo "1585"]
[Result "1-0"]
[PlyCount "129"]
[EventDate "2016.12.01"]

1. d4 d5 2. c4 e6 3. Nc3 Nf6 4. Bg5 Be7 5. cxd5 exd5 6. Qc2 c6 7. e3 Be6 8. Bd3
Nbd7 9. Nf3 Qc7 10. Bf4 Bd6 11. Bxd6 Qxd6 12. O-O h6 13. b4 a6 14. a4 O-O 15.
Rab1 Rfc8 16. Rfc1 Qc7 17. b5 cxb5 18. axb5 a5 19. Qd2 Qd8 20. Na4 Nb6 21. Nc5
Rc7 22. Ra1 Nbd7 23. Nxe6 Rxc1+ 24. Rxc1 fxe6 25. Qc2 Kf8 26. Qc7 Qxc7 27. Rxc7
b6 28. Rc6 Ke7 29. Kf1 a4 30. Rc2 Ne8 31. Nd2 Nd6 32. Nb1 Ra5 33. Na3 Ke8 34.
Rc6 Ke7 35. f3 Ra8 36. Ke2 Nb7 37. Kd2 Na5 38. Rc2 Nb3+ 39. Ke2 Kd8 40. Rc6 Ke7
41. Bc2 Na5 42. Rc3 Nb7 43. e4 dxe4 44. fxe4 Nd6 45. e5 Nf7 46. Be4 Ra7 47. Rc4
Ng5 48. Bc2 Kd8 49. h4 Nf7 50. Ke3 Rc7 51. Rc6 Rxc6 52. bxc6 Nb8 53. Bxa4 Na6
54. Nb5 Nc7 55. Ke4 Nxb5 56. Bxb5 Kc7 57. d5 exd5+ 58. Kxd5 Nd8 59. Bd3 Nf7 60.
e6 Nd6 61. e7 b5 62. Bxb5 Ne8 63. Ke6 g5 64. hxg5 hxg5 65. Kf7 1-0

[Event "II Memorial Doriano Spinelli"]
[Site "Torino ITA"]
[Date "2016.12.04"]
[Round "5"]
[White "Yao, Stefano"]
[Black "Sorcinelli, Francesco"]
[WhiteElo "2161"]
[BlackElo "2084"]
[Result "1-0"]
[PlyCount "107"]
[EventDate "2016.12.01"]

1. d4 g6 2. e4 Bg7 3. Nf3 c5 4. d5 d6 5. Be2 Na6 6. O-O Nf6 7. Nc3 O-O 8. Nd2
Nc7 9. a4 e6 10. Nc4 exd5 11. exd5 b6 12. Bf4 Ba6 13. Bxd6 Bxc4 14. Bxc7 Bxe2
15. Bxd8 Bxd1 16. Bxf6 Bxc2 17. Be7 Rfe8 18. d6 Bxc3 19. bxc3 f5 20. f3 Rab8
21. Rfc1 Bd3 22. c4 f4 23. a5 Rb7 24. axb6 axb6 25. Rc3 Bf5 26. Rca3 Be6 27.
Ra4 Bd7 28. Ra7 Reb8 29. Bg5 Be6 30. Bxf4 Rxa7 31. Rxa7 Rd8 32. Rb7 Bxc4 33.
Rxb6 Be6 34. Rc6 c4 35. Rc7 Rd7 36. Kf2 Rxc7 37. dxc7 Kf7 38. Ke3 Ke7 39. Kd4
Kd7 40. g4 h5 41. h3 hxg4 42. fxg4 g5 43. Bxg5 Kxc7 44. Ke5 Kd7 45. Kf6 c3 46.
Bc1 c2 47. Ba3 Bd5 48. h4 Ke8 49. h5 c1=Q 50. Bxc1 Kf8 51. g5 Kg8 52. g6 Be4
53. h6 Bc2 54. Bb2 1-0

[Event "II Memorial Doriano Spinelli"]
[Site "Torino ITA"]
[Date "2016.12.04"]
[Round "5"]
[White "Zuccaro, Marco"]
[Black "Cutelli, Massimo"]
[WhiteElo "1895"]
[BlackElo "1850"]
[Result "1-0"]
[PlyCount "93"]
[EventDate "2016.12.01"]

1. e4 e5 2. Nf3 Nc6 3. d3 Bc5 4. Be2 d6 5. O-O Nf6 6. Nbd2 h6 7. Nc4 Be6 8. Ne3
g5 9. g3 Qd7 10. c3 Bb6 11. d4 exd4 12. cxd4 Bh3 13. Nd5 Nxd5 14. exd5 Ne7 15.
Re1 O-O-O 16. a4 a5 17. Bb5 Qf5 18. Rxe7 Bg4 19. Ra3 Qxd5 20. Qb3 Bxf3 21. Qxf3
Qxf3 22. Rxf3 c6 23. Bf1 Rhf8 24. Bh3+ Kb8 25. Rb3 Ka7 26. Bd7 Ka6 27. d5 Rb8
28. dxc6 bxc6 29. Kg2 Rb7 30. Be3 c5 31. Bb5+ Ka7 32. Rxb7+ Kxb7 33. Bd2 d5 34.
Rf3 f5 35. Re3 Rf7 36. Re6 f4 37. gxf4 gxf4 38. Kf3 c4 39. Bc6+ Kc7 40. Bxf4+
Rxf4+ 41. Kxf4 d4 42. Bb5 d3 43. Bxc4 d2 44. Be2 Bxf2 45. Bd1 Bd4 46. b3 Bc5
47. Rxh6 1-0